| 000 | 01052nam a2200241 a 4500 | ||
|---|---|---|---|
| 001 | 78410 | ||
| 003 | BD-RjUL | ||
| 005 | 20211209083127.0 | ||
| 008 | 210919r19941992ii ||||| |||| 00| 0 ben d | ||
| 035 | _a(BD-RjUL)78636 | ||
| 040 |
_aBD-RjUL _beng _cBD-RjUL |
||
| 041 | _aben | ||
| 082 |
_223 _a297.63092 _bISB 1994 |
||
| 100 |
_aইসলাম, মুহাম্মদ নুরল _9248138 |
||
| 245 |
_aবৈজ্ঞানিক মুহাম্মদ (দঃ) / _cমুহাম্মদ নুরল ইসলাম |
||
| 250 | _a১ম ভারতীয় সং. | ||
| 260 |
_aকলকাতা : _bমল্লিক ব্রাদার্স, _c১৯৯২-১৯৯৪ |
||
| 300 |
_a খণ্ড ; _c২২ সেমি. |
||
| 505 | 0 | 1 | _a খণ্ড ১ম -- খণ্ড ২য় -- খণ্ড ৩য় -- খণ্ড ৪র্থ -- |
| 600 |
_aমুহাম্মাদ (স.), নবী, _xজীবনী _d-৬৩২ _9248157 |
||
| 600 |
_aMuḥammad, Prophet, _xBiography _d-632 _9248158 |
||
| 942 |
_2ddc _cBK |
||
| 999 |
_c78410 _d78410 |
||